000 00658nam a2200217Ia 4500
003 OSt
005 20220925204823.0
006 a|||||r|||| 00| 0
007 ta
008 220923b |||||||| |||| 00| 0 eng d
037 _cGeneral Book
040 _aRTL
_cRTL
_beng
041 _2eng
_aeng
082 _aX:8E.271nN5, K7
110 _aMADHYA PRADESH, (Govt. of-).
_9269067
245 0 _aMemorandum, Explanatory of the Budget of Madhya Pradesh, 1966-77.
260 _aGwalior
_bGovt. Regional Press
_c1967
700 _aMADHYA PRADESH, (Govt. of-).
_9269068
942 _hX:8E.271nN5, K7
_cGB
_2CC
999 _c550525
_d550525